000
00245pab a2200109 454500
008
180718b xxu||||| |||| 00| 0 eng d
100
_a
Krishnamoorthy, B
245
_a
Black money and society
650
_a
Money
773
_a
Patriot
909
_a
24149
999
_c
24149
_d
24149